| 000 | 00907nam a22002657a 4500 | ||
|---|---|---|---|
| 005 | 20170123162331.0 | ||
| 010 | _a535629 | ||
| 020 | _c00.00 | ||
| 035 | _a535629 | ||
| 037 | _bCen Lib/Ret | ||
| 040 |
_aDPL _bUR |
||
| 082 |
_a841 _bا م ج |
||
| 100 |
_aامجد نجمی _9121421 |
||
| 245 |
_aجوے کہکشاں / _cامجد نجمی ؛ مرتب کرامت الی کرامت |
||
| 246 |
_aJoye kehkashan / _bby Amjad Najmi ; edited by Karmat Ali Karamat |
||
| 260 |
_bاُڑیا ساہتیہ اکادمی _aبھونیشور _c1969 |
||
| 270 | _a١٩٥٥، گلی نواب مرزا، ترکمان گاتے | ||
| 300 |
_a174p. _c18cm(Hb) |
||
| 650 |
_aادب -- اردو _9121422 |
||
| 650 |
_aاردو نظم _9121423 |
||
| 650 |
_aUrdu literature _9121424 |
||
| 650 |
_aUrdu poetry _9121425 |
||
| 700 |
_aکرامت الی کرامت _9109505 |
||
| 942 |
_2ddc _cUR _hک _mا م ج |
||
| 999 |
_c107774 _d107774 |
||